Las matemáticas y lo concreto /
Guardado en:
| Autor Principal: | |
|---|---|
| Otros Autores: | |
| Formato: | Libro |
| Idioma: | Spanish French |
| Publicado: |
México :
Universidad Nacional Autónoma de México, Dirección General de Publicaciones,
1958.
|
| Edición: | 1ª ed. en español. |
| Series: | Problemas científicos y filosóficos ;
v. 10 |
| Etiquetas: |
Agregar Etiqueta
Sin Etiquetas, Sea el primero en etiquetar este registro!
|
| LEADER | 01121nam a22002651a 4500 | ||
|---|---|---|---|
| 001 | MAT.inmabb002461 | ||
| 008 | 890613s1958####mx#a#####b####001#0#spa## | ||
| 005 | 20160622125114.0 | ||
| 245 | 1 | 4 | |a Las matemáticas y lo concreto / |c Maurice Fréchet ; traducción directa de Gustavo Machado ; prefacio de Raymond Bayer. |
| 250 | |a 1ª ed. en español. | ||
| 260 | |a México : |b Universidad Nacional Autónoma de México, Dirección General de Publicaciones, |c 1958. | ||
| 300 | |a 488 p. : |b il. ; |c 22 cm. | ||
| 440 | 0 | |a Problemas científicos y filosóficos ; |v v. 10 | |
| 500 | |a Traducción de: Les mathématiques et le concret. Paris : Presses Univesitaires de France, 1955. | ||
| 504 | |a Bibliografía: p. 472-473. | ||
| 510 | 4 | |a MR, |c 17,697a |3 (de la ed. original) | |
| 765 | 1 | 8 | |t Les mathématiques et le concret |w 001580 |
| 100 | 1 | |a Fréchet, Maurice, |d 1878-1973. | |
| 240 | 1 | 4 | |a Les mathématiques et le concrets. |l Español |
| 700 | 1 | |a Bayer, Raymond. |4 aui | |
| 084 | |a 00-02 (00A05 00A30) |2 msc2000 | ||
| 010 | |a 59034798 | ||
| 040 | |a DLC |c MiDW |d DLC | ||
| 041 | 1 | |a spa |h fre | |
| 859 | |h 00A30 |i F851e |p A-8127 |b BIB. MATEMATICA | ||
